Normal view
MARC view
- Hassan, Abid
Entry Personal Name
001 - CONTROL NUMBER
- control field: 17294
003 - CONTROL NUMBER IDENTIFIER
- control field: NUST
005 - DATE AND TIME OF LATEST TRANSACTION
- control field: 20190710095424.0
008 - FIXED-LENGTH DATA ELEMENTS
- fixed length control field: 190710|| aca||aabn | a|a d
040 ## - CATALOGING SOURCE
- Original cataloging agency: NUST
- Transcribing agency: NUST
100 ## - HEADING--PERSONAL NAME
- Personal name: Hassan, Abid
670 ## - SOURCE DATA FOUND
- Source citation: Work cat.: (NUST): Hassan, Abid, Micromechanical Modeling of 8-Harness Satid Weave Glass Fiber Reinforced Phenolic Composites Using Finite Element Analysis /, 2013.
